[Event "GER-chT U16"]
[Site "Aurich"]
[Date "2018.12.30"]
[Round "7.4"]
[White "Rapp, Lukas"]
[Black "Kolzenburg, Jan Niklas"]
[Result "1/2-1/2"]
[WhiteElo "1719"]
[BlackElo "1379"]
[PlyCount "57"]
[EventDate "2018.12.27"]
[EventType "team-swiss"]
[EventRounds "7"]
[EventCountry "GER"]
[SourceTitle "CBM 188 Extra"]
[Source "ChessBase"]
[SourceDate "2019.02.26"]
[SourceVersion "1"]
[SourceVersionDate "2019.02.26"]
[SourceQuality "1"]
[WhiteTeam "Stadtilm Blau Weiss"]
[BlackTeam "Neuberg"]
[WhiteTeamCountry "GER"]
[BlackTeamCountry "GER"]

1. e4 e5 2. Nf3 Nf6 3. Nc3 Nc6 4. Bc4 Bc5 5. 0-0 0-0 6. d3 h6 7. Be3 Bb6 8. h3 d6 9. Qd2 Be6 10. Bb3 Qd7 11. Rad1 Rad8 12. d4 Bxb3 13. axb3 exd4 14. Bxd4 Nxd4 15. Nxd4 Rfe8 16. Rfe1 Ba5 17. Qd3 d5 18. e5 Ne4 19. Nf3 Nxc3 20. bxc3 c6 21. Re2 Re7 22. Nh2 Bb6 23. Kh1 Rde8 24. f4 f6 25. Qg3 Qf5 26. Ng4 Kh7 27. Rde1 fxe5 28. fxe5 Bc7 29. Rf2 1/2-1/2

[Event "GER-chT U16"]
[Site "Aurich"]
[Date "2018.12.28"]
[Round "4.4"]
[White "Seref, Erdogan"]
[Black "Rapp, Lukas"]
[Result "1-0"]
[WhiteElo "2015"]
[BlackElo "1719"]
[PlyCount "69"]
[EventDate "2018.12.27"]
[EventType "team-swiss"]
[EventRounds "7"]
[EventCountry "GER"]
[SourceTitle "CBM 188 Extra"]
[Source "ChessBase"]
[SourceDate "2019.02.26"]
[SourceVersion "1"]
[SourceVersionDate "2019.02.26"]
[SourceQuality "1"]
[WhiteTeam "Brackel"]
[BlackTeam "Stadtilm Blau Weiss"]
[WhiteTeamCountry "GER"]
[BlackTeamCountry "GER"]

1. e4 e5 2. Nf3 Nc6 3. Bb5 a6 4. Ba4 Bc5 5. 0-0 Nge7 6. c3 b5 7. Bb3 d6 8. d4 exd4 9. cxd4 Bb6 10. Ng5 0-0 11. Qh5 h6 12. Nxf7 Rxf7 13. Qxf7+ Kh8 14. Bg5 Bxd4 15. Nc3 Bxc3 16. bxc3 Bd7 17. Bd5 Qf8 18. Qxf8+ Rxf8 19. Bxe7 Nxe7 20. f3 Ng6 21. Rad1 Nf4 22. Rfe1 Re8 23. g3 Nh3+ 24. Kg2 Ng5 25. f4 Bh3+ 26. Kf2 Rf8 27. Ke3 Nf7 28. Bb7 Bc8 29. Bxc8 Rxc8 30. Kd4 c5+ 31. Kd5 Rd8 32. e5 dxe5+ 33. Ke6 Rxd1 34. Rxd1 Kg8 35. fxe5 1-0

[Event "GER-chT U14"]
[Site "Duesseldorf"]
[Date "2016.12.30"]
[Round "7.3"]
[White "Mimkes, Pavel"]
[Black "Rapp, Lukas"]
[Result "0-1"]
[WhiteElo "1418"]
[BlackElo "1630"]
[PlyCount "52"]
[EventDate "2016.12.27"]
[EventType "team-swiss"]
[EventRounds "7"]
[EventCountry "GER"]
[SourceTitle "EXT 2022"]
[Source "ChessBase"]
[SourceDate "2021.10.06"]
[SourceVersion "1"]
[SourceVersionDate "2021.10.06"]
[SourceQuality "1"]
[WhiteTeam "Goettingen Rochade U14"]
[BlackTeam "Stadtilm Blau Weiss U14"]
[WhiteTeamCountry "GER"]
[BlackTeamCountry "GER"]

1. e4 c5 2. Bc4 e6 3. Nc3 a6 4. a4 Nf6 5. Nf3 Qc7 6. Bb3 Nc6 7. d4 cxd4 8. Nxd4 Nxd4 9. Qxd4 b6 10. f3 Bc5 11. Qd3 Bb7 12. Be3 Rd8 13. 0-0-0 0-0 14. g4 d5 15. Bxc5 bxc5 16. exd5 exd5 17. Qf5 c4 18. Ba2 d4 19. Ne2 d3 20. Ng3 Rd5 21. Rdf1 Rxf5 22. Nxf5 Qf4+ 23. Kb1 d2 24. h4 Bxf3 25. Ne3 Qxe3 26. Rh3 Qe1+ 0-1

[Event "GER-ch U25 op-B"]
[Site "Willingen"]
[Date "2015.05.26"]
[Round "4"]
[White "Rapp, Lukas"]
[Black "Grunert, Friedrich"]
[Result "1-0"]
[WhiteElo "1276"]
[BlackElo "1403"]
[PlyCount "147"]
[EventDate "2015.05.24"]
[EventType "swiss"]
[EventRounds "9"]
[EventCountry "GER"]
[SourceTitle "CBM 166 Extra"]
[Source "ChessBase"]
[SourceDate "2015.06.18"]
[SourceVersion "1"]
[SourceVersionDate "2015.06.18"]
[SourceQuality "1"]

1. e4 e6 2. d4 d5 3. Nd2 c5 4. exd5 exd5 5. c3 Nc6 6. Ngf3 Bg4 7. Be2 Nf6 8. h3 Bh5 9. 0-0 Bd6 10. Ng5 Bg6 11. Nb3 c4 12. Nd2 0-0 13. b3 b5 14. a4 a6 15. Bb2 h6 16. Ngf3 Re8 17. Re1 Ne4 18. Nxe4 Bxe4 19. Nd2 Qg5 20. Nxe4 Rxe4 21. Bf3 Rxe1+ 22. Qxe1 cxb3 23. axb5 Nb8 24. Qe8+ Kh7 25. bxa6 Rxa6 26. Rxa6 Nxa6 27. Qb5 Qg6 28. Qxb3 Qb1+ 29. Bd1 Kg8 30. Qc2 Qa2 31. Bc1 Qc4 32. Be2 Qc6 33. Bd2 Nb8 34. c4 Nd7 35. c5 Nf6 36. Qb2 Bc7 37. Qb5 Qa8 38. Qa6 Qe8 39. Kf1 Ne4 40. Be3 Qb8 41. Qb5 Qa8 42. Kg1 Qa1+ 43. Bf1 Nc3 44. Qa6 Qxa6 45. Bxa6 Nd1 46. Bd2 Nb2 47. Bb7 Nc4 48. Bc3 Kf8 49. Bxd5 Na3 50. Kf1 Nb5 51. Bb2 Ke7 52. Ke2 f6 53. Ke3 g5 54. g4 Bf4+ 55. Ke4 Nc7 56. Bc4 Ne6 57. Bxe6 Kxe6 58. d5+ Ke7 59. Kf5 Be5 60. Bxe5 fxe5 61. Kxe5 h5 62. d6+ Kd7 63. Kd5 h4 64. c6+ Kd8 65. Ke6 Kc8 66. d7+ Kd8 67. c7+ Kxc7 68. Ke7 Kb7 69. d8Q Ka7 70. Qd1 Ka8 71. Qb1 Ka7 72. Kd6 Ka6 73. Kc6 Ka5 74. Qb5# 1-0

[Event "GER-ch U25 op-B"]
[Site "Willingen"]
[Date "2015.05.25"]
[Round "3"]
[White "Seliokaite, Ana"]
[Black "Rapp, Lukas"]
[Result "0-1"]
[WhiteElo "1085"]
[BlackElo "1276"]
[PlyCount "116"]
[EventDate "2015.05.24"]
[EventType "swiss"]
[EventRounds "9"]
[EventCountry "GER"]
[SourceTitle "CBM 166 Extra"]
[Source "ChessBase"]
[SourceDate "2015.06.18"]
[SourceVersion "1"]
[SourceVersionDate "2015.06.18"]
[SourceQuality "1"]

1. d4 Nf6 2. e3 g6 3. f4 Bg7 4. Nf3 d6 5. Bd3 0-0 6. 0-0 Nbd7 7. Nbd2 h6 8. Ne4 Nxe4 9. Bxe4 e5 10. f5 Nf6 11. Qd3 Nxe4 12. Qxe4 Bxf5 13. Qxb7 Bxc2 14. Ne1 Bf5 15. e4 Bd7 16. dxe5 Bxe5 17. Bxh6 Bg7 18. Bxg7 Kxg7 19. Qd5 Qe7 20. Qd4+ Qe5 21. Qxe5+ dxe5 22. Nd3 Bb5 23. Rf3 f6 24. Rc1 c6 25. Nc5 Rae8 26. a4 Be2 27. Re3 Bg4 28. Na6 Rc8 29. Rec3 Bd7 30. Nc5 Rf7 31. Nxd7 Rxd7 32. Rxc6 Rxc6 33. Rxc6 Rd1+ 34. Kf2 Rd2+ 35. Ke3 Rxg2 36. Rc7+ Kh6 37. Rxa7 Rxb2 38. a5 Rxh2 39. Kd3 Ra2 40. a6 Kg5 41. Kc4 Kf4 42. Kb5 Kxe4 43. Rc7 Rb2+ 44. Kc5 Rc2+ 45. Kb6 Rb2+ 46. Kc5 Ra2 47. a7 f5 48. Kb6 f4 49. Rc4+ Kd3 50. Rc8 f3 51. Rd8+ Ke4 52. a8Q+ Rxa8 53. Rxa8 f2 54. Ra1 Kf3 55. Ra3+ Kg2 56. Ra2 Kg1 57. Re2 f1Q 58. Rxe5 Qf6+ 0-1

[Event "GER-ch U25 op-B"]
[Site "Willingen"]
[Date "2015.05.24"]
[Round "1"]
[White "Bakalarz, Adrian"]
[Black "Rapp, Lukas"]
[Result "0-1"]
[WhiteElo "797"]
[BlackElo "1276"]
[PlyCount "52"]
[EventDate "2015.05.24"]
[EventType "swiss"]
[EventRounds "9"]
[EventCountry "GER"]
[SourceTitle "CBM 166 Extra"]
[Source "ChessBase"]
[SourceDate "2015.06.18"]
[SourceVersion "1"]
[SourceVersionDate "2015.06.18"]
[SourceQuality "1"]

1. e4 c5 2. Bc4 e6 3. Bb5 a6 4. Bd3 Nc6 5. Nf3 Nf6 6. Nc3 d6 7. 0-0 Be7 8. Be2 b5 9. d3 Bb7 10. Bf4 0-0 11. e5 Nh5 12. Qd2 Nxf4 13. Qxf4 Qc7 14. exd6 Bxd6 15. Qh4 Be7 16. Ng5 h6 17. f4 Nd4 18. Qg3 hxg5 19. fxg5 Qxg3 20. hxg3 b4 21. Rf2 bxc3 22. bxc3 Nxc2 23. Bf3 Bxf3 24. Rc1 Bxg5 25. Rcxc2 Bd1 26. Rb2 Be3 0-1

[Event "GER-ch U12"]
[Site "Magdeburg"]
[Date "2014.06.09"]
[Round "3"]
[White "Biermann, Lenhard"]
[Black "Rapp, Lukas"]
[Result "1-0"]
[WhiteElo "1535"]
[BlackElo "1216"]
[PlyCount "77"]
[EventDate "2014.06.08"]
[EventType "swiss"]
[EventRounds "11"]
[EventCountry "GER"]
[SourceTitle "CBM 160 Extra"]
[Source "ChessBase"]
[SourceDate "2014.07.01"]
[SourceVersion "1"]
[SourceVersionDate "2014.07.01"]
[SourceQuality "1"]

1. d4 Nf6 2. c4 g6 3. Nc3 Bg7 4. Nf3 d6 5. Bf4 Bg4 6. h3 Bxf3 7. exf3 Nbd7 8. Be2 0-0 9. 0-0 e5 10. dxe5 Nxe5 11. Qc2 Re8 12. Rad1 Qe7 13. Rfe1 Rad8 14. Bg5 h6 15. Nd5 Qd7 16. Nxf6+ Bxf6 17. Bxf6 Rb8 18. Bxe5 Rxe5 19. Bf1 Rbe8 20. Rxe5 Rxe5 21. Rd2 Kh7 22. Re2 Qe7 23. Rxe5 Qxe5 24. Qe2 Qf6 25. b3 Qe6 26. Qxe6 fxe6 27. Bd3 Kg7 28. Kh2 h5 29. h4 Kf6 30. f4 c6 31. Kg3 d5 32. Kf3 b6 33. Ke3 c5 34. f3 a6 35. cxd5 exd5 36. Bxa6 d4+ 37. Ke4 Ke6 38. Bc4+ Kd6 39. f5 1-0

[Event "GER-chT U10"]
[Site "Magdeburg"]
[Date "2013.12.28"]
[Round "5.2"]
[White "Rapp, Lukas"]
[Black "Rusack, Noah"]
[Result "1-0"]
[WhiteElo "1058"]
[BlackElo "894"]
[PlyCount "61"]
[EventDate "2013.12.27"]
[EventType "team-swiss"]
[EventRounds "5"]
[EventCountry "GER"]
[SourceTitle "EXT 2015"]
[Source "ChessBase"]
[SourceDate "2014.11.20"]
[SourceVersion "1"]
[SourceVersionDate "2014.11.20"]
[SourceQuality "1"]
[WhiteTeam "Stadtilm Blau Weiss"]
[BlackTeam "Treptow"]
[WhiteTeamCountry "GER"]
[BlackTeamCountry "GER"]

1. Nf3 c5 2. d3 Nc6 3. Nbd2 g6 4. g3 Bg7 5. Bg2 Nf6 6. 0-0 0-0 7. e4 d5 8. h3 Re8 9. Nh2 e6 10. f4 Nh5 11. Qe1 f5 12. e5 g5 13. Bf3 Nd4 14. Bd1 Bh8 15. c3 gxf4 16. cxd4 Nxg3 17. Rxf4 Qg5 18. Ndf3 Ne2+ 19. Kh1 Nxf4 20. Nxg5 Nxd3 21. Qe2 c4 22. Bc2 Nxc1 23. Rxc1 Bg7 24. Qg2 b5 25. Rg1 Kh8 26. Nxe6 Bh6 27. Nc7 Be6 28. Nxa8 Rxa8 29. Qf3 Rg8 30. Rxg8+ Bxg8 31. Bxf5 1-0